| 000 | 00773nam a2200205Ia 4500 | ||
|---|---|---|---|
| 005 | 20260121110144.0 | ||
| 008 | 008 260114s9999 xx 000 0 hin d | ||
| 020 | _a9788132361152 | ||
| 037 | _aEBOOK | ||
| 040 |
_aCRL _bhin _cCRL |
||
| 041 |
_ahin _2hin |
||
| 084 | _qCRL | ||
| 100 |
_aप्रशांत दीक्षित / Prashant Dixit _9942725 |
||
| 245 | 0 | _aरचना संसार: आधुनिक कवि एवं उनकी प्रमुख पुस्तकें / Rachna Sansar: Aadhunik Kavi aur Unki Pramukh Pustakein | |
| 260 |
_bभाषा प्रकाशन / Bhasha Prakashan _c2021 |
||
| 856 | _uhttps://bhashaprakashan.com/product-details/379066 | ||
| 942 | _cEBOOK | ||
| 999 |
_c1534390 _d1534390 |
||